Zaistenie energetickej bezpečnosti - výzva súčasnosti

Význam zaistenia ekonomickej bezpečnosti na národnej úrovni. Predpoklady zaistenia ekonomickej bezpečnosti štátu. Energetická bezpečnosť. Problém ropy a plynu. Zásoby ropy a plynu. Problém vodných zdrojov a vodná kríza. Energetická geopolitika. Problém Slovenska. Perspektívy zabezpečenia energetick...

Descripción completa

Guardado en:
Detalles Bibliográficos
Autor principal: Hofreiter, Ladislav
Formato: Capítulo de libro
Lenguaje:eslovaco
Materias:
Etiquetas: Agregar Etiqueta
Sin Etiquetas, Sea el primero en etiquetar este registro!

MARC

LEADER 00000naa$a2200000$$$4500
001 0082018
005 20231113113604.1
041 0 |a slo 
044 |a SK 
245 1 0 |a Zaistenie energetickej bezpečnosti - výzva súčasnosti  |c Ladislav Hofreiter 
520 |a Význam zaistenia ekonomickej bezpečnosti na národnej úrovni. Predpoklady zaistenia ekonomickej bezpečnosti štátu. Energetická bezpečnosť. Problém ropy a plynu. Zásoby ropy a plynu. Problém vodných zdrojov a vodná kríza. Energetická geopolitika. Problém Slovenska. Perspektívy zabezpečenia energetickej bezpečnosti Slovenska. 
610 2 0 |a energia 
610 2 0 |a Slovensko 
610 2 0 |a zdroje vodné 
610 2 0 |a ropa 
610 2 0 |a plyn 
610 2 0 |a voda 
610 2 0 |a politika bezpečnostná 
100 1 |a Hofreiter, Ladislav